Пропуск в контексте

Теория массового обслуживания

В данной книге изложен лекционный материал по теории массового обслуживания и приведены примеры и многовариантные задачи по расчёту систем массового обслуживания для использования на практических занятиях. Пособие предназначено для дистанционного, заочного, и очного обучения студентов специально...

תיאור מלא

שמור ב:
מידע ביבליוגרפי
מחבר ראשי: Козлов В. Г.
פורמט: Книга
שפה:Russian
יצא לאור: Москва ТУСУР 2012
גישה מקוונת:http://e.lanbook.com/books/element.php?pl1_cid=25&pl1_id=10921
https://e.lanbook.com/img/cover/book/10921.jpg
תגים: הוספת תג
אין תגיות, היה/י הראשונ/ה לתייג את הרשומה!
LEADER 01805nam0a2200229 i 4500
001 10921
003 RuSpLAN
005 20221220173902.0
008 221220s2012 ru gs 000 0 rus
040 |a RuSpLAN 
041 0 |a rus 
044 |a ru 
245 0 0 |a Теория массового обслуживания  |c Козлов В. Г. 
260 |a Москва  |b ТУСУР  |c 2012 
300 |a 57 с. 
504 |a Библиогр.: доступна в карточке книги, на сайте ЭБС Лань 
520 8 |a В данной книге изложен лекционный материал по теории массового обслуживания и приведены примеры и многовариантные задачи по расчёту систем массового обслуживания для использования на практических занятиях. Пособие предназначено для дистанционного, заочного, и очного обучения студентов специальности 210201 - проектирование и технология радиоэлектронных средств. Возможно применение пособия для изучения вопросов теории массового обслуживания студентами всех специальностей радиотехнического профиля. 
521 8 |a Книга из коллекции ТУСУР - Инженерно-технические науки 
100 1 |a Козлов В. Г. 
856 4 |u http://e.lanbook.com/books/element.php?pl1_cid=25&pl1_id=10921 
856 4 8 |u https://e.lanbook.com/img/cover/book/10921.jpg 
953 |a https://e.lanbook.com/img/cover/book/10921.jpg